Open Data Biblioteca Nacional de Portugal


República Portuguesa: Ministério da Cultura
Biblioteca Nacional de Portugal

Catálogo da BNP: acesso por Identificadores Unívocos
Registos Bibliográficos associados ao registo de autoridade

Etiqueta de registo: 00254nkm 2200109 450
001 1858880
003 http://id.bnportugal.gov.pt/bib/catbnp/1858880
100 ## $a20131216d1993 am d0pory0103 ba
101 0# $apor
102 ## $aPT
200 1# $a2ª Jornadas de arte contemporânea$bVisual gráfico]$ePorto'93$ecinema e video$forganização Câmara Municipal do Porto
210 #9 $aPorto$cCâmara Municipal do Porto$d1993
215 ## $a1 cartaz$ccolor$d45x31 cm
304 ## $a"Antes da Paixão"; Mostra de cinema e vídeo: francófonos de Bélgica...; Ciclo de cinema e vídeo: portugueses dos anos 90
317 ## $aColeção Madeira Luís$5PTBN: CT. 12818 V.
317 ## $aColeção Madeira Luís$5PTBN: CT. 7144 V.
675 ## $a7.036(084.5)$vBN$zpor$3589338
675 ## $a766(=1:469)"199"(084.5)$vBN$zpor$31285670
675 ## $a061.3(469.121)"1993"(084.5)$vBN$zpor$3609479
710 02 $aJornadas de Arte Contemporânea,$d2,$ePorto,$f1993$31557125
712 01 $aPorto.$bCâmara Municipal$4557$313566
801 #0 $aPT$bBN$gRPC
966 ## $lBN$mICONOG$pFrancisco Madeira Luís$sCT. 7144 V.$x3
966 ## $lBN$mICONOG$sCT. 12818 V.$x3
997 ## $aBIBEOD

Etiqueta de registo: 00000nkm 2200025 450
001 2264611
003 http://id.bnportugal.gov.pt/bib/catbnp/2264611
100 ## $a20260210d1993 m y0pory01030103ba
101 0# $apor
102 ## $aPT
200 1# $a2ª.s Jornadas de arte contemporânea Porto'93, música contemporânea, nova dança$bVisual gráfico]$fCâmara Municipal do Porto
210 #9 $aPorto$cCâmara Municipal do Porto,$d1993
215 ## $a1 cartaz$ccolor.$d44,5x30,5 cm
317 ## $aColeção Madeira Luís
675 ## $a766(=1:469)"199"(084.5)$vBN$zpor$3589138
710 01 $aPorto.$bCâmara Municipal$313566
712 02 $aJornadas de Arte Contemporânea,$d2,$ePorto,$f1993$31557125
801 #0 $aPT$bBN$gRPC
966 ## $lBN$mICONOG$sCT. 13816 V.$x3
971 ## $cCaticonografia1$d20260210
995 ## $aPRR2026 $d20260210$iCaticonografia1

OpendataBNP@bnportugal.pt | Mais informação sobre acesso aos dados BNP